000 00271nam a22001217a 4500
008 180110b xxu||||| |||| 00| 0 eng d
041 _aeng
080 _a37 SER
100 _a46
101 _aEDU
245 _aSchooling for Tomorrow
_cSERGIOVANNI,TH,J
942 _2udc
_cBK
999 _c40029
_d40029